[Event "AUTO-OPEN-643"]
[Site "http://www.queenalice.com/game.php?id=204754"]
[Date "2007.5.1"]
[Round "1"]
[White "BUZZYRJ"]
[Black "rubon"]
[Result "0-1"]
[WhiteElo "1374"]
[BlackElo "1381"]

1. Nf3 d5 2. Nd4 e5 3. Nb5 Bb4 4. a3 Ba5 5. b4 Bb6 6. N1c3 Qf6 7. Nxd5 Qc6 8.
Nbxc7+ Bxc7 9. Nxc7+ Qxc7 10. c3 Nf6 11. Bb2 Qb6 12. e3 Bg4 13. f3 Bf5 14. Qa4+
Bd7 15. Qd1 Nc6 16. f4 exf4 17. exf4 O-O 18. g4 Nxg4 19. Be2 Qf2# 0-1

[Event "AUTO-OPEN-643"]
[Site "http://www.queenalice.com/game.php?id=204755"]
[Date "2007.5.1"]
[Round "1"]
[White "rubon"]
[Black "BUZZYRJ"]
[Result "0-1"]
[WhiteElo "1374"]
[BlackElo "1414"]

1. d4 Nc6 2. e3 Nb4 3. Bc4 d5 4. Bb5+ c6 5. Ba4 Qa5 6. Nc3 Bd7 7. e4 Nf6 8. a3
Nxe4 9. axb4 Qxb4 10. Qf3 b5 11. Bb3 Qxd4 12. Nge2 Qxf2+ 13. Qxf2 Nxf2 14. Kxf2
h5 15. Bg5 d4 16. Nxd4 c5 17. Ndxb5 a6 18. Nc7+ Kd8 19. Nxa8 f6 20. Bf4 e5 21.
Bd2 g5 22. Nd5 Bc6 23. Nxf6 Be7 24. Bxg5 Rf8 25. Rad1+ Kc8 26. Nb6+ Kb7 27. Nc4
Bxf6 28. Nd6+ Kb6 29. Nc4+ Kb5 30. Be3 Bh4+ 31. Ke2 Bxg2 32. Na3+ Kc6 33. Ba4+
Kb6 34. Nc4+ Kc7 35. Rd6 Bxh1 36. Bxc5 Rf2+ 37. Kd3 Rxh2 38. Bb6+ Kb7 39. Na5+
Kc8 40. Bd7+ Kb8 41. Be6 Be7 42. Rd7 Bb4 43. Ba7+ Kc8 44. Rd4+ Kc7 45. Rxb4 e4+
46. Ke3 Kd6 47. Rb6+ Ke5 0-1

[Event "AUTO-OPEN-643"]
[Site "http://www.queenalice.com/game.php?id=204756"]
[Date "2007.5.1"]
[Round "1"]
[White "BUZZYRJ"]
[Black "allynne_12"]
[Result "0-1"]
[WhiteElo "1415"]
[BlackElo "1640"]

1. Nf3 f6 2. c3 d5 3. b4 b5 4. Nd4 c6 5. e3 e5 6. Nf5 Bxf5 7. Be2 Bxb1 8. Rxb1
Bd6 9. a4 a6 10. O-O Nh6 11. d4 O-O 12. h4 e4 13. f3 Bg3 14. axb5 axb5 15. fxe4
dxe4 16. h5 f5 17. Qb3+ Kh8 18. c4 Qh4 19. Rf2 Qh2+ 20. Kf1 Qh1# 0-1

[Event "AUTO-OPEN-643"]
[Site "http://www.queenalice.com/game.php?id=204757"]
[Date "2007.5.1"]
[Round "1"]
[White "allynne_12"]
[Black "BUZZYRJ"]
[Result "1-0"]
[WhiteElo "1797"]
[BlackElo "1472"]

1. e4 g6 2. d4 Bh6 3. f3 g5 4. h4 e6 5. h5 Bf8 6. g4 Nc6 7. c3 d5 8. e5 a6 9.
Bd3 b5 10. b4 Bxb4 11. cxb4 Nxb4 12. Ba3 Nxd3+ 13. Qxd3 c6 14. Bd6 f6 15. Ne2 a5
16. Na3 b4 17. Nc2 Ba6 18. Qe3 a4 19. Nxb4 Qa5 20. O-O Qd8 21. Nxc6 Qd7 22. Rfc1
Rc8 23. Nb4 Qb5 24. Rxc8+ Bxc8 25. Nc3 Qc4 26. Rc1 Ne7 27. Bxe7 Kxe7 28. Ncxd5+
exd5 29. Rxc4 1-0

[Event "Challenge"]
[Site "http://www.queenalice.com/game.php?id=215644"]
[Date "2007.5.24"]
[Round "-"]
[White "BUZZYRJ"]
[Black "fernandosoares"]
[Result "0-1"]
[WhiteElo "1428"]
[BlackElo "1326"]

1. e4 Nf6 2. e5 Nd5 3. c4 Nb4 4. Qb3 a5 5. a3 N4a6 6. d4 d6 7. Bf4 dxe5 8. Bxe5
f6 9. Bf4 e5 10. Qe3 Nc6 11. d5 Ne7 12. Bg3 c6 13. Qe4 cxd5 14. Qd3 Nc5 15. Qc3
d4 16. Qf3 e4 17. Qh5+ g6 18. Qxc5 Nc6 19. Qd5 Qe7 20. Nd2 Be6 21. Qxe4 f5 22.
Qh4 g5 23. Qh5+ Kd7 24. Ngf3 g4 25. Ne5+ Kd6 26. Rc1 Nxe5 27. c5+ Kd5 28. f4 Ng6
29. Nc4 b5 30. Nb6+ Kc6 31. Nxa8 Bg7 32. Bd3 b4 33. Bxf5 Bc4+ 34. Kf2 bxa3 35.
bxa3 Qe3# 0-1

[Event "Challenge"]
[Site "http://www.queenalice.com/game.php?id=222744"]
[Date "2007.6.9"]
[Round "-"]
[White "mogerio"]
[Black "BUZZYRJ"]
[Result "0-1"]
[WhiteElo "1330"]
[BlackElo "1408"]

1. e4 h5 2. d4 c6 3. Nf3 Nf6 4. Nc3 Qc7 5. Bd3 b5 6. O-O Ng4 7. g3 b4 8. Na4 h4
9. gxh4 g5 10. hxg5 Nxh2 11. Re1 Bg7 12. Nxh2 Rxh2 13. Bc4 d5 14. Be2 dxe4 15.
Bd2 Bxd4 16. Be3 Bxe3 17. fxe3 Qg3+ 18. Kf1 Rh1# 0-1

[Event "Challenge"]
[Site "http://www.queenalice.com/game.php?id=223656"]
[Date "2007.6.11"]
[Round "-"]
[White "BUZZYRJ"]
[Black "Lima7"]
[Result "0-1"]
[WhiteElo "1469"]
[BlackElo "1855"]

1. e4 e5 2. c4 Nf6 3. d3 Bc5 4. Nc3 Nc6 5. f4 exf4 6. Bxf4 d6 7. Na4 Bg4 8. Nf3
Bb4+ 9. Ke2 Qd7 10. a3 Nd4+ 11. Kf2 Bc5 12. Nxc5 dxc5 13. Qc1 Nb3 14. Qb1 Nxa1
15. Qxa1 O-O-O 16. h3 Bxf3 17. gxf3 Qd4+ 18. Be3 Qe5 19. f4 Qh5 20. e5 Qh4+ 21.
Kf3 Nh5 22. Rg1 b6 23. Rg4 Qe7 24. b4 f6 25. exf6 Nxf6 26. Rg5 Rhe8 27. bxc5
Qxe3+ 28. Kg2 Qxf4 29. Rxg7 Rg8 30. Rxg8 Rxg8+ 31. Kh1 Qf3+ 32. Kh2 Qg3+ 33. Kh1
Qg1# 0-1

[Event "AUTO-OPEN-695"]
[Site "http://www.queenalice.com/game.php?id=223755"]
[Date "2007.6.11"]
[Round "1"]
[White "otax"]
[Black "BUZZYRJ"]
[Result "0-1"]
[WhiteElo "1424"]
[BlackElo "1425"]

1. d4 d5 2. c4 dxc4 3. Nc3 Nc6 4. e3 e5 5. Nf3 exd4 6. Nxd4 Nxd4 7. Qxd4 c5 8.
Qxd8+ Kxd8 9. Bxc4 a6 10. Bxf7 Nf6 11. O-O Ke7 12. Bb3 b5 13. Bc2 b4 14. Na4 Be6
15. Bb3 c4 16. Nb6 Rd8 17. Bxc4 Bxc4 18. Nxc4 g5 19. b3 h5 20. Bb2 Ne4 21. Bxh8
g4 22. Ne5 Rd2 0-1

[Event "AUTO-OPEN-695"]
[Site "http://www.queenalice.com/game.php?id=223756"]
[Date "2007.6.11"]
[Round "1"]
[White "BUZZYRJ"]
[Black "otax"]
[Result "1-0"]
[WhiteElo "1408"]
[BlackElo "1441"]

1. e4 e6 2. Be2 d5 3. Nc3 c6 4. Bf3 Nf6 5. b3 Bc5 6. exd5 Nxd5 7. Na4 Bxf2+ 8.
Kxf2 Qf6 9. c3 Nc7 10. h4 e5 11. Qe2 Bf5 12. Ke1 O-O 13. g4 Bd7 14. g5 Qf4 15.
Qf2 Qf5 16. Nc5 Be6 17. Nxb7 Nb5 18. Bxc6 Nxc6 19. c4 Nbd4 20. Qxf5 Bxf5 21. Nd6
Nc2+ 22. Kd1 Nxa1 23. Nxf5 1-0

[Event "AUTO-OPEN-695"]
[Site "http://www.queenalice.com/game.php?id=223774"]
[Date "2007.6.11"]
[Round "1"]
[White "BUZZYRJ"]
[Black "Jorac"]
[Result "0-1"]
[WhiteElo "1408"]
[BlackElo "1922"]

1. e4 c5 2. f4 d6 3. g4 Nf6 4. Qe2 Bxg4 5. Qb5+ Nc6 6. Qxb7 Nd4 7. h3 Bd7 8. c3
Nc2+ 9. Kd1 Nxa1 10. e5 dxe5 11. fxe5 Nd5 12. Qxd5 Bg4+ 13. Qf3 Bxf3+ 14. Nxf3
Qd5 15. b3 Qxf3+ 16. Ke1 Nc2# 0-1

[Event "QA-ANNIV-03"]
[Site "http://www.queenalice.com/game.php?id=225755"]
[Date "2007.6.15"]
[Round "1"]
[White "BUZZYRJ"]
[Black "gustavoarbulu"]
[Result "1-0"]
[WhiteElo "1447"]
[BlackElo "2001"]

1. e4 d6 2. Nc3 Nf6 3. Nf3 g6 4. e5 dxe5 5. Nxe5 Bg7 6. Bc4 O-O 7. d3 Qd4 8.
Bxf7+ Rxf7 9. Nxf7 Kxf7 10. Nb5 Qe5+ 11. Kf1 Qxb5 12. c4 Qe5 13. d4 Qf5 14. g4
Nxg4 15. Qe2 Bxd4 16. Rg1 Nxf2 17. Ke1 Nd3+ 18. Kd2 Bxg1 19. Qxd3 Nc6 20. Qxf5+
Bxf5 21. Ke1 Rd8 22. Bg5 Nd4 23. Kf1 Nf3 24. Ke2 1-0

[Event "Challenge"]
[Site "http://www.queenalice.com/game.php?id=234124"]
[Date "2007.7.3"]
[Round "-"]
[White "mogerio"]
[Black "BUZZYRJ"]
[Result "0-1"]
[WhiteElo "1320"]
[BlackElo "1467"]

1. e4 e6 2. d4 d6 3. Bb5+ c6 4. Bc4 d5 5. Bd3 Nf6 6. Nf3 dxe4 7. Be2 exf3 8.
gxf3 Qa5+ 9. Bd2 Qd5 10. Bd3 Qxd4 11. c3 Qxd3 12. Qe2 Qc2 13. Qd1 Qxb2 14. Na3
Qxa3 15. Bc1 Qxc3+ 16. Bd2 Qe5+ 17. Qe2 Qxa1+ 18. Qd1 Qxa2 19. f4 Qd5 20. O-O
Ne4 21. Qa1 Nxd2 22. Re1 Nf3+ 23. Kf1 Qd3+ 24. Re2 Bd6 25. Kg2 Qxe2 26. Qf1 Qe4
27. Kh1 Bxf4 28. h3 Nh2+ 29. Kg1 a5 30. Qg2 Qe1+ 31. Qf1 Qxf1# 0-1

[Event "QA-ANNIV-03"]
[Site "http://www.queenalice.com/game.php?id=246767"]
[Date "2007.7.27"]
[Round "2"]
[White "carlos31"]
[Black "BUZZYRJ"]
[Result "1-0"]
[WhiteElo "1740"]
[BlackElo "1477"]

1. e4 e5 2. Nf3 f6 3. Bb5 c6 4. Ba4 b5 5. Bb3 d5 6. exd5 cxd5 7. c3 e4 8. Nd4 b4
9. Qh5+ g6 10. Qxd5 bxc3 11. Qf7# 1-0

[Event "QA-ANNIV-03"]
[Site "http://www.queenalice.com/game.php?id=270059"]
[Date "2007.9.11"]
[Round "3"]
[White "SGrillo"]
[Black "BUZZYRJ"]
[Result "1-0"]
[WhiteElo "1643"]
[BlackElo "1477"]

1. e4 Nf6 2. e5 Nd5 3. d4 f6 4. Bc4 c6 5. Bxd5 cxd5 6. exf6 gxf6 7. Nf3 h6 8.
O-O f5 9. Bf4 d6 10. h3 b6 11. Re1 Ba6 12. Nc3 e5 13. dxe5 1-0

[Event "AUTO-INT-627"]
[Site "http://www.queenalice.com/game.php?id=276838"]
[Date "2007.9.25"]
[Round "1"]
[White "BUZZYRJ"]
[Black "KAXY"]
[Result "0-1"]
[WhiteElo "1468"]
[BlackElo "1480"]

1. e4 e5 2. d4 exd4 3. Qxd4 Nc6 4. Qd5 Be7 5. e5 d6 6. exd6 Bxd6 7. c4 Nf6 8.
Qg5 O-O 9. Bd3 Qe7+ 10. Ne2 Nd4 0-1

[Event "AUTO-INT-627"]
[Site "http://www.queenalice.com/game.php?id=276839"]
[Date "2007.9.25"]
[Round "1"]
[White "KAXY"]
[Black "BUZZYRJ"]
[Result "1-0"]
[WhiteElo "1497"]
[BlackElo "1468"]

1. d4 Nc6 2. e4 Nf6 3. e5 Ne4 4. f3 Nxd4 5. Qxd4 f5 6. fxe4 d6 7. exd6 cxd6 8.
exf5 Bxf5 9. Qd5 Bxc2 10. Bb5+ Qd7 11. Bxd7+ 1-0